000 00733nam a2200241 a 4500
001 000047817
003 DO-SdBNP
005 20230207085252.0
008 180827s2008 dr 000 0 spa d
020 _a9789945863918
040 _aDO-SdBNP
_bspa
_cBNPHU
082 _axxx
_bG939c
_222
100 1 _aGuevara, Nicolás
_922224
245 1 3 _aLa ciudad cotidiana /
_cNicolás Guevara.
260 _aPuerto Plata, República Dominicana :
_bSociedad cultural Renovación,
_c2008.
300 _a93 p. ;
_c24 cm.
500 _aPremio único a nivel nacional.
504 _aBibliografía p: 93
586 _aConcurso literario "Por nuestro país primero",
590 _aInventariado, 2018/ YL
910 _aYL
942 _2ddc
_cLBS1
999 _c47305
_d47305